000 00534nam a2200169Ia 4500
003 Ost
005 20260507075114.0
008 260507s9999||||xx |||||||||||||| ||und||
040 _cfsecg
041 _aara
082 _a330
100 _aالصحن، محمد فريد
_eمؤلف
245 0 _aالعلاقات العامة المبادئ والتطبيق /
_c محمد فريد الصحن
260 _aالاسكندرية:
_bالدار الجامعية 2003,
_c[دون تاريخ]
300 _a صفحة؛
942 _cكتاب
999 _c42980
_d42980